| 000 | 01053nam a22002657a 4500 | ||
|---|---|---|---|
| 001 | 8934 | ||
| 003 | FISKH | ||
| 005 | 20251110142157.0 | ||
| 008 | 251110b cb ||||| |||| 00| 0 eng d | ||
| 040 |
_aFISKH _beng _cFISKH _dFISKH |
||
| 050 | _aPZ7 | ||
| 082 | _a590 | ||
| 100 |
_aSavage, Joan _eAuthor |
||
| 245 |
_aHurray for Bobo! / _cBy Joan Savage ; Illustrated by Tim and Craig Hildebrandt |
||
| 260 |
_aChicago : _bScience research associates , _c1972 |
||
| 300 |
_a16 pages : _bcolor illustrations ; _c21 cm |
||
| 505 | _aG | ||
| 520 | _aBobo wants to play baseball with other boys, but they won't let him. Can he make them change their minds? Bobo thinks hard. Then, the next time he goes to the playground, he brings along a mysterious package and gives the boys a riddle to answer. Will you be able to answer the riddle? Read and find out. | ||
| 521 | 8 |
_a400
_bLexile estimate |
|
| 521 | 8 |
_aG
_bRaz-Plus |
|
| 650 |
_aChildren's _vFiction |
||
| 700 |
_aHildebrandt, Craig _eIllustrator |
||
| 942 |
_2ddc _cBK _n0 |
||
| 999 |
_c8934 _d8934 |
||